Packing engineering

Na minha lista:
Detalhes bibliográficos
Autor principal: Barail, Louis (Author)
Formato: Livro
Idioma:inglês
Publicado em: Nueva York Reinhold Publishing Corporation 1954
Assuntos:
Tags: Adicionar Tag
Sem tags, seja o primeiro a adicionar uma tag!

MARC

LEADER 00000nam a2200000 a 4500
001 UCR4853
003 CL-VaPUC
008 980320e19540000US |||||||||||||||||eng|d
082 0 4 |a 664.092  |b BAR  |2 21 
100 0 |a Barail, Louis  |e author  |9 405367 
245 1 0 |a Packing engineering 
300 |a 414 p 
942 |c BK 
945 |d 19980320 00:00:00  |a crobeson 
260 |a Nueva York  |b Reinhold Publishing Corporation  |c 1954 
650 0 |a Embalaje  |9 364157 
650 7 |a TECNOLOGIA DE ALIMENTOS  |2 CL-VaPUC  |9 405368 
583 |a last modification  |c 19980320 00:00:00  |k Rodrigo Vera 
999 |c 267652  |d 267650 
952 |0 0  |1 0  |4 0  |6 664_092000000000000_BAR_1954  |7 0  |8 A  |9 300119  |a BIBALI  |b BIBALI  |c GEN  |d 2019-11-20  |i 1959530  |o 664.092 BAR 1954  |p 1959530  |r 2025-01-20  |w 2019-11-20  |y BK  |k ALI